Factions of the Fallout games - Statistics

General Stats
  • This quiz has been taken 271 times
  • The average score is 9 of 16
Answer Stats
Location: Answer % Correct
The Citadel East Coast Brotherhood Of Steel
92%
Chicago Midwest Brotherhood Of Steel
92%
Hidden Valley West Coast Brotherhood Of Steel
92%
Shady Sands New California Republic
90%
Poseidon Oil Rig Enclave
79%
Freeside The Kings
76%
Sanctuary Hills Minutemen
70%
Nellis Aiforce Base Boomers
69%
NCRCF Powder Gangers
42%
White Glove Society
42%
House
41%
The Strip Omertas
40%
Flagstaff Caesars Legion
38%
Vault 101 Tunnel Snakes
38%
Chairmen
33%
Vault 0 The Master
12%
No matching quizzes found
Score Distribution
Percent of People with Each Score
Percentile by Number Answered
Your Score History
You have not taken this quiz